EE časopis pre elektrotechniku, elektroenergetiku, informačné a komunikačné technológie

Saved in:
Bibliographic Details
Format: Serial
Published: 2008
Tags: Add Tag
No Tags, Be the first to tag this record!

MARC

LEADER 00000nas a22000003a 4500
001 stu172868
005 20141123035345.3
008 081015s2008----------------------------d
040 |a STU  |b slo 
041 0
245 |a EE časopis pre elektrotechniku, elektroenergetiku, informačné a komunikačné technológie 
260 |c 2008 
773 0 |t EE časopis pre elektrotechniku, elektroenergetiku, informačné a komunikačné technológie  |w stu_us_cat*stu60805  |x 1335-2547  |7 nnas 
996 |b 284M056177  |c m*Z-3348  |d Roč. 14, mimoriadne číslo, 2008  |v Roč. 14  |i mimoriadne číslo  |y 2008  |l MMKN  |s A  |a 24  |w stu172868_0001